[Event "NED-ch52"]
[Site "Rotterdam"]
[Date "1997.06.29"]
[Round "7"]
[White "Van der Wiel, John"]
[Black "Sokolov, Ivan"]
[Result "1/2-1/2"]
[WhiteElo "2555"]
[BlackElo "2615"]
[Annotator "Mikhalevski,V"]
[PlyCount "46"]
[EventDate "1997.06.21"]
[EventType "tourn"]
[EventRounds "11"]
[EventCountry "NED"]
[EventCategory "12"]
[SourceTitle "CBM 060"]
[Source "ChessBase"]
[SourceDate "1997.09.29"]
[SourceVersion "1"]
[SourceVersionDate "1997.09.29"]
[SourceQuality "1"]

1. e4 e5 2. Nf3 Nc6 3. d4 exd4 4. Nxd4 Nf6 5. Nxc6 bxc6 6. e5 Qe7 7. Qe2 Nd5 8.
c4 Nb6 9. Nc3 Qe6 (9... a5 10. Qe4 g6 11. Bd3 Bg7 12. f4 O-O 13. O-O d5 $2 14.
cxd5 cxd5 15. Nxd5 Qc5+ 16. Be3 $1 Qxd5 17. Bxb6 Qxe4 18. Bxe4 cxb6 19. Bxa8
Ba6 20. Bd5 Bxf1 21. Kxf1 $16 {_|_ Yakovich,Y-Sokolov,I/Oviedo 25' (11) ;EXP
38 1993}) (9... Bb7 10. Bf4 $6 O-O-O 11. O-O-O h6 12. h4 Qe6 13. Rh3 Ba6 $15 {
Arnold,L-Ketterer,C/Baden Baden op (07) ;TD 93\06 1993}) (9... Ba6 10. Qe4 Qe6
11. b3 Bb4 12. Bd2 Bxc3 13. Bxc3 d5 14. Qf3 dxc4 15. Be2 O-O 16. O-O Rad8 17.
Rfe1 Rfe8 18. Rac1 c5 19. Bf1 Nd5 20. bxc4 Nb4 $1 21. Bxb4 cxb4 22. Qe3 {
1/2-1/2 Ljubojevic,L-Spassky,B/Montreal (06) ;MCL 02 1979}) (9... g6) 10. Bd2 (
10. Qe4 d5 (10... Be7 11. Bd3 f6 12. exf6 Qxe4+ 13. Nxe4 gxf6 14. Bf4 Ba6 15.
Nd2 O-O-O 16. O-O d5 17. Rfc1 dxc4 18. Bf1 Nd5 19. Bh6 Rhg8 20. Nxc4 Bxc4 21.
Rxc4 Rg6 22. Bd2 Nb6 23. Rc2 $14 {1-0 Radu,E-Ambats,J/WchJW Buenos Aires 1993 
(37)}) ({Blatny;Polgar,J} 10... Bb4 11. Bd2 a5 (11... Ba6 $5 12. c5 $5 $13) 12.
f4 (12. Bd3 $1) 12... d5 (12... Bxc3 13. Bxc3 d5 14. Qc2 dxc4 15. Be2 $14 {
^^,קc4,c6,c7}) 13. exd6 cxd6 (13... Bxc3 14. Qxe6+ Bxe6 15. Bxc3 cxd6 16. Rd1
Ke7 17. b3 f6 18. g3 {/\Bg2+/=}) 14. O-O-O Qxe4 15. Nxe4 d5 16. cxd5 (16. Bxb4
axb4 17. Nd6+ Ke7) 16... cxd5 17. Bxb4 (17. Nc3 $5) 17... axb4 (17... dxe4 18.
Bc5 $14) 18. Nd6+ Ke7 19. Nxc8+ Rhxc8+ 20. Kb1 Ra5 (20... Kd6 21. Bd3 h6 22.
Rhe1 Re8 $10) (20... Rc5 $1 21. Rd4 b3 22. a3 Ra4) 21. Rd4 $1 b3 $2 (21... Nc4
$142 22. Bxc4 Rxc4 $10) 22. a3 (22. axb3 Rca8 23. Rd1 Ra1+ 24. Kc2 Rxd1 25.
Kxd1 Ra1+ 26. Kd2 Rb1 27. Kc2 Re1 $10) 22... Ra4 $6 (22... Nc4) (22... Rc2 23.
Rb4 Nc4 24. Rxb3) (22... Nc4 23. Be2) (22... Rac5 23. Ba6 R8c7 24. Rhd1) 23.
Rd3 (23. Rxa4 Nxa4 24. Bb5 Nc5) 23... Re4 (23... Rxf4 24. Rxb3 $16 {_|_ o^a+b}
(24. Rxb3 Nc4 25. Bxc4 Rcxc4 26. Rd1 $14)) 24. Rxb3 Re1+ 25. Ka2 Nc4 26. g3 $1
Nd2 (26... Ne3 $2 27. Ba6 Rxh1 28. Rxe3+ Kd7 29. Bxc8+ Kxc8 30. Re7 d4 31. Kb3
d3 32. Kc3 Rxh2 33. Rxf7 d2 34. Kc2 d1=Q+ 35. Kxd1 Rxb2 36. Rxg7 $18) (26...
Kd6 27. Rd3 Ne3 28. Bh3 $16) (26... Nxb2 27. Rxb2 Rcc1 28. a4 $16) 27. Rb7+ Kd6
28. Rd7+ $1 Kxd7 29. Bb5+ (29. Bh3+ $2 Re6) 29... Kd6 30. Rxe1 $18 {_|_ R 9/i}
Nf3 31. Rd1 Nxh2 32. Be2 $1 Rc2 $8 33. Bd3 Rg2 34. a4 $2 Rxg3 35. a5 Re3 36. b4
Ng4 37. Bf1 Re4 38. Rb1 Ne3 39. Bd3 Rxf4 $2 40. Kb3 $1 Nc4 41. Bxc4 dxc4+ 42.
Ka4 Kc6 $6 43. b5+ Kc5 $2 44. b6 c3+ 45. Ka3 $1 $18 Rf3 46. Kb3 Kc6 47. Kc2 $1
{1-0 Polgar,J-Piket,J/Aruba m2 1995}) (10... Ba6 $142 {-- 9...Ba6}) 11. exd6
cxd6 12. Bd3 Qxe4+ 13. Bxe4 Bb7 14. b3 d5 15. cxd5 cxd5 16. Bf3 Bb4 17. Bd2 O-O
18. Ne2 Ba3 19. O-O Rac8 20. Be3 Ba6 21. Rfd1 Rfd8 22. Nf4 Bb7 23. Bd4 Kf8 24.
Nh5 f6 25. Nf4 Rd6 26. Rab1 a5 27. Nd3 Nd7 28. Rd2 Nc5 29. Nxc5 Bxc5 30. Rc1
Bxd4 31. Rxc8+ Bxc8 32. Rxd4 Bb7 33. Kf1 Re6 34. g3 Bc6 {Mukhametov,E-Muco,F/
Bern op 1995/1/2-1/2 (61)}) 10... Ba6 $5 $146 (10... a5 11. Qe4 Ba6 12. b3 d5
13. exd6 cxd6 14. Be3 Qxe4 15. Nxe4 d5 16. Bxb6 dxe4 17. c5 Bxf1 18. Rxf1 Be7
19. O-O-O f5 20. Rfe1 O-O 21. Kc2 Rf6 22. f3 Re6 23. fxe4 fxe4 24. Rd4 e3 25.
Kd3 Re8 26. Re2 Re5 27. a3 Bxc5 28. Bxc5 Rxc5 29. Rxe3 Rxe3+ 30. Kxe3 Rc3+ 31.
Rd3 Rc2 {1/2-1/2 Van der Wiel,J-Cifuentes Parada,R/Leeuwarden op 1994}) 11. b3
$8 Bc5 (11... Ba3 $5 12. Qe4 $1 O-O-O $1 13. c5 $140 Bxf1 14. cxb6 d5 $3 $13)
12. Qe4 O-O-O 13. Be2 Rde8 (13... f5 14. exf6 Qxf6 15. O-O Rde8 16. Qf3 Rhf8
$11) 14. f4 f6 (14... f5 15. Qf3 d6 16. exd6 (16. Qxc6 $4 Bb7 17. Qb5 Bxg2 $17)
16... Qxd6 17. O-O-O {See the game with 'a' pawn on a4.}) 15. a4 $1 f5 (15...
fxe5 16. a5 Na8 17. f5 {><a8}) (15... Kb8 16. a5 Nc8 17. b4 Bf8 $13) 16. Qf3 d6
17. exd6 Qxd6 18. O-O-O Bd4 (18... Re7 19. Rhe1 (19. b4 $2 Bxb4 20. c5 Bxe2 21.
cxd6 Bxf3 22. dxe7 Bxd1 $19) 19... Rhe8 (19... Rd8 $2 20. b4 $1 Bxb4 21. c5
Bxe2 22. cxd6 Bxf3 23. dxe7 $18) 20. b4 Bxb4 21. c5 Bxe2 22. cxd6 Bxf3 23. Rxe7
$1 Rxe7 24. dxe7 Ba3+ 25. Kb1 $8 Bh5 $8 26. Re1 Kd7 {/\Be7~~}) (18... Re6 $5)
19. Bd3 Qc5 (19... Qf6 $5 {/\Bb7,c5}) 20. Rhe1 g6 21. Kc2 Bb7 22. Rxe8+ Rxe8
23. Re1 Rxe1 $11 1/2-1/2

[Event "Cancan Veterans-Women"]
[Site "Roquebrune"]
[Date "1998.09.08"]
[Round "2"]
[White "Arakhamia Grant, Ketevan"]
[Black "Smyslov, Vassily V"]
[Result "1/2-1/2"]
[WhiteElo "2420"]
[BlackElo "2500"]
[Annotator "Mikhalevski,V"]
[PlyCount "64"]
[EventDate "1998.09.07"]
[EventType "schev"]
[EventRounds "12"]
[EventCountry "FRA"]
[SourceTitle "CBM 067"]
[Source "ChessBase"]
[SourceDate "1998.11.30"]
[SourceVersion "2"]
[SourceVersionDate "1998.11.01"]
[SourceQuality "1"]

{[%mdl 4152]} 1. e4 e5 2. Nf3 Nc6 3. d4 exd4 4. Nxd4 Bc5 5. Nxc6 Qf6 6. Qd2
dxc6 7. Nc3 Ne7 (7... Qe7 {is getting popular(see Rublevsky- Morozevich,1998 
(CBM66) and Landa-Ibragimov,1998 (CBM67)}) 8. Qf4 Be6 {This move has become
popular after Anand-Shirov,linares 1997.Let's give word to Shirov.He says: I
made this move quickly but since Anand sank into thought I realised that I
probably confused something. It's true because in fact Topalov played} (8...
Ng6 9. Qxf6 gxf6 {. But it seems that my move ('home-prepared' as any other
commentator would put it) appears to be a good novelty. White anyway will be
forced to change queens and Black gets even quicker development than in case
of 8...Ng6.}) 9. Qxf6 gxf6 10. Na4 {'N+/-!' Timoshenko,G} (10. Bh6 {'N!?'
Nadanian,A.} Rg8 (10... Bd4 $5) 11. Rd1 Rd8 $6 (11... f5 $1 12. g3 (12. exf5
Nxf5 $11) (12. a3 $5) 12... Bb4 $1 13. Bd3 fxe4 14. Bxe4 Bxa2 15. O-O (15. Bxh7
$2 Bxc3+ 16. bxc3 Rh8 $19) 15... Bxc3 16. bxc3 Bd5 $1 (16... Be6 $5 17. h4 $1 {
/\ Bg5~/=}) 17. Rfe1 Bxe4 18. Rxe4 Rg6 19. Rde1 (19. Bf4 $6 Re6 $15) 19... Re6
20. Rxe6 fxe6 21. Rxe6 Kf7 $11) 12. Rxd8+ Kxd8 13. g3 Bd4 (13... Bb4 {1-0
Vorobiov-Demianjuk/Moscow 1998/CBM63(41)}) 14. Bd3 $1 Kc8 (14... Bxc3+ $6 15.
bxc3 Bxa2 16. c4 $16) 15. Bd2 $1 f5 16. b3 $1 $14 {Minasian-Nadanian,Armenia
(ch) 1997}) (10. f4 f5 11. Bd2 {Shirov: Anand rejected} (11. Na4 Bb4+ 12. c3
Bd6 13. e5 b5) 11... O-O-O 12. O-O-O Rhg8 13. g3 h5 $5 {Shirov: Black still
has some positional disadvantage and his chances are in active play. Now White
opts for a forced line that at the end of all leads to draw.} 14. Bh3 (14. Be2
h4 15. gxh4 Rg2) 14... h4 15. Na4 $1 {Shirov: Now it looks like Black is in
danger as the f5 pawn is going to be hanging. So thought I but after some half
an hour of thought I found more or less clear path to draw.} Bf2 16. Bb4 Rxd1+
$1 17. Rxd1 (17. Kxd1 hxg3 18. hxg3 Kd8) 17... hxg3 18. hxg3 {Shirov: No time
for} (18. Bxe7 gxh2) 18... b5 $1 19. Bxe7 bxa4 20. Bxf5 {Shirov: It was
important to notice in advance that after} (20. exf5 Bxa2) 20... Bxf5 21. exf5
Be3+ 22. Kb1 Rxg3 23. Rd8+ Kb7 24. a3 Bxf4 25. Rf8 Be5 {1/2-1/2 Anand-Shirov,
linares 1997} (25... Be5 26. Rxf7 Rg1+ 27. Ka2 Rg2 28. Kb1 Rg1+)) 10... Bb6 $5
$146 {The contribution of 7-th World Champion in new theory.The text move
doesn't look logical as Black is parting with one of his bishops,but let's
look the game and we'll see that it's not bad at all.} ({Almost in all known
games White played} 10... Bb4+ 11. c3 {'!' Timoshenko,G.} (11. Bd2 Bxd2+ 12.
Kxd2 f5 (12... O-O-O+ 13. Bd3 b6 {1-0 Shaked,T-Benjamin,J/New York 1998/CBM 64/
[Mikhalevski,V] (45)} (13... f5)) 13. Re1 O-O-O+ 14. Kc1 fxe4 15. Nc5 Bf5 16.
Nxe4 Nd5 17. Bd3 Bg6 18. Nc5 b6 19. Bxg6 hxg6 20. Nd3 $14 {1-0 Palac,
M-Malaniuk,V/4th World Team Ch, Lucerne SUI 1997 (41)}) 11... Bd6 12. Be3 b6 (
12... f5 13. Bd4 Rg8 (13... f6 14. Bxf6 Rf8 15. Bd4 $1 (15. e5 b5 16. Bg7 Rg8
17. exd6 cxd6 $13) 15... fxe4 16. Nc5 $16) 14. e5 b5 15. exd6 (15. Nc5 Bxc5 16.
Bxc5 Ng6 $14) 15... cxd6 16. Nc5 dxc5 17. Bxc5 $14 {[%cal Ga2a4] 1/2-1/2 Moroz,
A-Timoshenko,G/Enakievo 1997/Inf 70/[Timoshenko,G] (33)}) (12... Rg8 13. f4 $16
) 13. f4 Bd7 (13... c5 14. c4 O-O-O 15. Nc3 c6 16. Rd1 Kb7 17. Kf2 f5 18. e5
Bc7 19. Be2 h5 20. b3 h4 21. Bf3 a6 22. a4 a5 23. Nb5 Bb8 24. Nc3 Bc7 25. Rxd8
Bxd8 26. Rd1 Kc7 27. Rd6 {1/2-1/2 Kolev,A-Korneev,O/Open, Malaga ESP 1998 (27)}
) 14. c4 Bb4+ 15. Bd2 Bxd2+ 16. Kxd2 O-O-O 17. Nc3 Ng6 18. g3 h5 19. Ke3 h4 20.
Be2 f5 21. e5 Rhe8 22. Kf2 $14 {1/2-1/2 Lautier,J-Shirov,A/Amber Rapid, Monte
Carlo MON 1998 (108)}) (10... Bd6 11. f4 (11. Be3 f5 12. Bd4 Rg8 13. e5 Rg4
$132 {Moroz,A}) 11... Rg8 12. Bd2 Bg4 13. f5 h5 14. Be3 h4 15. Nc5 O-O-O {
and Black is OK.1-0 Parligras,M-Bazant,P/Eu Youth bu18, Mureck AUT 1998 (34)})
11. Bd2 Rg8 12. f4 f5 13. e5 O-O-O 14. Nxb6+ (14. O-O-O Bf2 $5) 14... cxb6 {
Let's look at this strange pawn structure: pawn ending would be lost for Black
as White has an extra pawn on the king side,but now king side is well-blocked,
black's rook is active on the semiopen g-file and Black can develop initiative
on the queen side where he has double,but an exra pawn.} 15. O-O-O c5 16. Rg1
Nc6 17. b3 a5 18. Bd3 Kc7 19. Rde1 (19. Kb2 $5) 19... Nb4 $1 {Now White has to
say good-bye to her bishop as pawn on a2 is hanging.} 20. Bxb4 axb4 $15 {
Pawn structure has changed in the Black's favour and White has to be careful
to hold the position.} 21. Kb2 {The'a' pawn has to be protected.} Rd4 22. g3
Kc6 23. Rd1 Rgd8 {[%cal Gb6b5,Gc5c4]} 24. Be2 {White changes rooks and
equalizes.} Rxd1 (24... Rd2 $6 {would let White move Black's king out of the
centre.} 25. Bf3+ $1 (25. Kc1) 25... Kc7 26. Rxd2 Rxd2 27. Rg2 Rd4 28. a3 $14 {
[%cal Ga3b4,Gb2c1,Gg2d2]}) 25. Rxd1 Rxd1 26. Bxd1 Kd5 $1 $11 {First of all
Black has to make active his king.} 27. Kc1 (27. Bf3+ {is dangerous,but
possible despite pawns on the king side are becoming target for the Black's
king.} Kd4 28. Bxb7 Bd5 $5 {despite an exra pawn the pawn ending is in the
Black's favour thanks to the active king.} (28... Ke3 29. Kc1 $1 {White has to
be in time on f2.} (29. c4 Kf2 30. Bd5 h5 $1 {and White has to look for escape
as Ke3-f2-g1:h2:g3 is threatening.} ({but not} 30... Kg1 $2 31. Bxe6 fxe6 32.
g4 $1 fxg4 33. f5 $1 Kxh2 34. fxe6 g3 35. e7 g2 36. e8=Q g1=Q 37. Qh5+ Kg3 38.
Qg5+ Kf2 39. Qxg1+ Kxg1 40. e6 {and White wins}) 31. Kc2 Kg1 32. h3 (32. h4 $5
Kf2 33. Kd3 Kxg3 34. Ke3 {and White keep equality.}) 32... Kf2 33. Kd3 $1 (33.
Bxe6 $2 fxe6 34. g4 hxg4 35. hxg4 fxg4 36. f5 exf5 37. e6 g3 38. e7 g2 39. e8=Q
g1=Q $17) 33... Kxg3 34. Ke3 h4 35. Bc6 {and White survive.} Kxh3 $140 36. Kf3
$11) 29... Kf2 (29... h5 30. Kd1 $1 h4 $5 (30... Kf2 31. Kd2) 31. Ke1 (31. gxh4
Kxf4 32. h5 Kxe5 $11) 31... hxg3 32. hxg3 $11 {Positional draw as only bishops
are mobile,but they can't change anything.}) 30. Kd2 Kg1 31. Ke3 Kxh2 32. Kf2
$11) 29. Bc8 $142 (29. Bxd5 $2 Kxd5 30. c3 (30. Kc1 Ke4 31. Kd2 Kf3 32. Kd3 h5
(32... Kg2 $2 33. g4 fxg4 34. f5 Kxh2 35. e6 fxe6 36. fxe6 g3 37. e7 g2 38.
e8=Q g1=Q 39. Qh5+ $11) 33. Kc4 (33. Kd2 Kg2 34. Ke3 Kxh2 35. Kf2 Kh3 36. Kf3
h4 $19) 33... Kg2 34. Kd5 Kxh2 35. e6 fxe6+ 36. Kxe6 Kxg3 37. Kxf5 h4 {and
Black is first.}) 30... Ke4 31. cxb4 cxb4 32. Kc2 h5 $1 33. Kd2 Kf3 34. Ke1 Kg2
35. Ke2 Kxh2 36. Kf2 Kh3 37. Kf3 h4 {and Black wins.}) 29... Be6 30. Bb7 $11 (
30. Bxe6 $2 {loses.} fxe6 31. Kc1 Ke3 32. Kd1 h5 $1 (32... Kf3 $5 33. Ke1 h5
$19 {[%cal Gh5h4]} (33... Kg2 34. g4 fxg4 35. f5 exf5 36. e6 h5 (36... f4 37.
e7 f3 38. e8=Q f2+ 39. Kd2 f1=Q $19))) 33. Ke1 h4 $19)) 27... Ke4 28. Kd2 b5 {
[%cal Gc5c4,Ge6d5]} 29. Bh5 Bd5 30. Ke2 Kd4 {[%cal Gd4c3]} 31. Kd2 c4 32. Bd1
Be4 $11 {and activity of Black's king compensates damaged pawn structure.}
1/2-1/2

[Event "Cancan Veterans-Women"]
[Site "Roquebrune"]
[Date "1998.09.10"]
[Round "4"]
[White "Arakhamia Grant, Ketevan"]
[Black "Hort, Vlastimil"]
[Result "1/2-1/2"]
[WhiteElo "2420"]
[BlackElo "2525"]
[Annotator "Mikhalevski,V"]
[PlyCount "66"]
[EventDate "1998.09.07"]
[EventType "schev"]
[EventRounds "12"]
[EventCountry "FRA"]
[SourceTitle "CBM 067"]
[Source "ChessBase"]
[SourceDate "1998.11.30"]
[SourceVersion "2"]
[SourceVersionDate "1998.11.01"]
[SourceQuality "1"]

{[%mdl 5232]} 1. e4 e5 2. Nf3 Nc6 3. d4 exd4 4. Nxd4 Bc5 5. Be3 Qf6 6. c3 Nge7
7. Bc4 O-O 8. O-O Bb6 9. Kh1 ({Another Kasparov's idea} 9. Nc2 {Ketevan would
try a weak later against B.Spassky.Analysis of this game and information about
other moves you can find in my comments in CBM67)}) 9... h6 $146 (9... Rd8 10.
Qh5 h6 11. Nd2 d5 12. exd5 Nxd4 13. cxd4 Bf5 $1 $44 {1/2-1/2 Kasparov,G-Kamsky,
G/Tilburg 1991/CBM 26 (40)}) (9... Qg6 10. Nd2 (10. Bd3 Qf6 $6 (10... Ne5 $5)
11. f4 $1 $14 {0-1 Chong,D-Bell,A/Chicago 1994/EXT 94op2 (30)}) 10... Nxd4 (
10... Kh8 11. f4 f5 12. e5 d6 13. exd6 cxd6 14. N2f3 Na5 $13 {[%cal Ge7d5] 0-1
Ibanez Aullana,J-Garbisu,U/St.Feliu 1994/EXT 97 (42)}) 11. Bxd4 (11. cxd4 Nc6
$1 {[%csl Rd4,Re4]}) 11... Bxd4 12. cxd4 Nc6 13. d5 Nd4 (13... Ne5 14. Be2 $14)
14. Bd3 $14 {1/2-1/2 Relange,E-Herb,P/FRA-chT 1993/TD 93\08 (24)} (14. Rc1 $5))
(9... Ne5 10. Be2 d6 (10... Qg6 11. Nd2 (11. f4 $5) 11... d5 12. Bh5 Qd6 13. f4
N5c6 14. f5 $13 {1-0 Paszler,J-Hidegoblyos,G/HUN-chT2 1994/TD 94\03 (35)} (14.
e5 $5) (14. Nb5 $5)) 11. f4 N5c6 12. Qd2 Nxd4 13. cxd4 d5 14. e5 Qg6 15. Nc3
$14 {1-0 Fercec,N-Ashcic,P/Porec 1994/EXT 94ch2 (29)}) 10. f4 (10. Nc2 $5)
10... Nxd4 11. cxd4 (11. Bxd4 $142 Bxd4 12. Qxd4) 11... d5 $1 {Now Black is
taking initiative in his hands.} 12. e5 ({Capture on d5 leads to very
comfortable play for Black.} 12. Bxd5 $6 Nxd5 13. exd5 Re8 $36) 12... Qh4 $1 {
[%cal Ge7f5,Rf5g3,Rf5e3,Rf5d4]} (12... Qg6 13. Be2 (13. Bd3 Bf5 {in the
Black's favour.}) {and} 13... Qe4 $6 {[%cal Ge7f5] /\Nf5} {can be met by} 14.
Bg1 {[%cal Gb1c3] /\Nc3}) 13. g3 $8 (13. Be2 $2 Nf5 {[%cal Rf5g3,Rf5e3]} 14.
Bf2 Qxf4) (13. Bb3 $2 Nf5 {[%cal Rf5e3,Rf5g3]} 14. Bf2 Qxf4 15. Bg1 Qh4 (15...
Qg5 $5 {[%csl Rd4][%cal Gf5e3]}) 16. Bf2 Qd8 $17) 13... Qh3 14. Be2 f6 {
Most agressive move.} (14... h5 $5 {[%cal Gh5h4] is interesting.Black is
preparing h5-h4,but not 15...Bg4 because of 16.B:g4 hg 17.f5!} 15. Nc3 (15. Bf2
$6 Bg4 {[%cal Ge7f5]}) (15. Bxh5 $2 Nf5 16. Bf2 Bxd4 17. Bg4 $140 Nxg3+ $1)
15... h4 16. Bf2 hxg3 17. Bxg3 Nf5 18. Bf2 c6 {[%cal Gf5e3]}) (14... Nf5 15.
Bf2 Bxd4 $2 16. Bxd4 Nxg3+ 17. Kg1 Nxf1 18. Qxf1 {in the White's favour.}) 15.
Bf2 ({as the following variations show} 15. Nc3 $5 {is also playable:} fxe5 (
15... Nf5 $6 16. Bf2 fxe5 $6 (16... c6 $142) 17. Bf3 $1 {[%csl Rh3][%cal Gf3g2,
Gf3d5]}) 16. fxe5 Nf5 17. Bf2 (17. Rf3 Nxe3 18. Rxe3 Be6 $1 $15 {[%csl Rd4]
[%cal Gb6d4]} (18... Bxd4 $140 $2 19. Rf3 $1 (19. Qxd4 $2 Rf2 20. Qxd5+ Be6 $19
) 19... c5 (19... Rxf3 $6 20. Bxf3 Bxe5 $2 21. Qxd5+ Qe6 22. Re1 $1 $18) 20.
Nxd5 {[%cal Gd5e7]} Be6)) (17. Bf4 $2 g5 18. Bg4 Nxg3+ $1 19. Bxg3 Bxg4 20. Qd3
c6 $17) 17... Bxd4 $1 (17... c6 $5) (17... Be6 $5) 18. Bf3 $1 {[%cal Gf3g2]} (
18. Bg4 $2 Nxg3+ $1 19. Bxg3 Bxg4 $1) (18. Bxd4 $2 Nxg3+ 19. Kg1 Nxf1 20. Bxf1
Rxf1+ $1 21. Qxf1 Qg4+ 22. Kh1 Qxd4 $19) 18... Bxf2 19. Rxf2 (19. Qxd5+ $2 Be6
$1 20. Qxe6+ Kh8 {[%csl Re6][%cal Gf5g3]}) 19... Ne3 $5 (19... Nxg3+ 20. Kg1
Nf5 21. Qxd5+ Kh8 22. Qc5 $44) 20. Qe2 (20. Qd3 $4 Rxf3) (20. Bxd5+ Be6 21.
Bxe6+ Qxe6 22. Qb3 Qxb3 23. Rxf8+ Rxf8 24. axb3 Rf2 $1 $15) 20... d4 (20... Bg4
$5 21. Qxe3 Rxf3 $1 22. Rxf3 d4 $1 23. Qd3 Bxf3+ 24. Qxf3 dxc3 {[%cal Ga8f8]})
21. Nd5 $1 {[%cal Gd5e7,Gd5e3]} Nxd5 22. Bxd5+ Be6 23. Qc4 $1 Bxd5+ 24. Qxd5+
Kh8 25. Qxd4 {and White survive.}) 15... fxe5 (15... Be6 {[%cal Gf6e5] can be
met by} 16. Bf3 {[%cal Gf3g2]}) 16. dxe5 (16. fxe5 Be6 $5 {[%cal Gf8f7,Ga8f8]}
(16... Nf5 $6 17. Bf3 {[%cal Gf3g2,Gf3d5]})) 16... Be6 {[%cal Ge7f5]} 17. Bxb6
(17. Kg1 d4 (17... Nf5 $140 $4 18. Bg4)) (17. Nc3 d4 $1) (17. Bf3 $5) 17...
axb6 18. Nc3 Nf5 {[%cal Gf5e3,Gf5g3]} 19. Rg1 {[%cal Re2g4,Re2f1]} (19. Qd3 $6
d4 20. Ne4 Ne3 21. Rf2 c5 $17 {[%csl Ge3]}) 19... Ne3 (19... d4 $4 20. Bf1 $1)
20. Qd2 d4 21. Qxd4 $5 (21. Ne4 $2 c5 $17 {[%csl Ge3]}) 21... Nc2 22. Qe4 Nxa1
23. Rxa1 {[%cal Ge4b7]} Rad8 $1 {Open file is more important than the b7 pawn.}
24. Bf1 $1 (24. Qxb7 Rd2 $36 25. Rd1 Rxd1+ $1 (25... Bd5+ 26. Qxd5+ (26. Nxd5
$4 Rxd1+) 26... Rxd5 27. Nxd5 $44) (25... Rxb2 $5 {[%cal Ge6g4]}) 26. Nxd1 Rd8
$1 27. Nf2 Qf5 $17) 24... Qh5 (24... Qf5 $5 $15 25. Qxf5 $1 (25. Qxb7 Qc2 $1
$40 {[%cal Gd8d2,Gc2b2]}) 25... Bxf5 (25... Rxf5 26. Nb5 $132 {[%csl Gd6][%cal
Ga1c1]} (26. Bh3 Rxe5 27. fxe5 Bxh3 $15)) 26. Bc4+ Kh7 27. Re1 $1 {[%cal Ge5e6,
Ge1e2]}) 25. Be2 $1 Qh3 (25... Bg4 26. Bxg4 Qxg4 27. Nd5 $1 $44 c6 $140 $6 (
27... Qd7 $142 28. Rd1 Qe6) 28. Ne7+ Kf7 29. Nf5 $1 Rd1+ 30. Rxd1 Qxd1+ 31. Kg2
$40) 26. Bf1 Qh5 (26... Qf5 {see 24...Qf5}) 27. Be2 Qf7 (27... Qe8 $5 28. Qxb7
Rd2 29. Qxc7 $140 $2 (29. Bf3 $142) 29... Qa8+ 30. Kg1 Bh3) 28. Bd3 Bf5 (28...
g5 $5 {Trying to break the strong pawn chain.Despite Black weakens his king
this move is not so bad.Black can play 29...Bf5 changing queens or 29...Rd7
preparing gf.} 29. fxg5 (29. Rf1 $2 Rxd3 30. Qxd3 Bc4 31. Qf3 Bxf1 32. Qxf1
gxf4 $19) 29... hxg5 30. Rf1 Qh5 (30... Bd5 $2 31. Nxd5 Qxd5 32. Bc4 Rxf1+ 33.
Kg2 Qxc4 34. Qxc4+ Rf7 $16)) 29. Qxf5 Qxf5 30. Bxf5 Rxf5 31. Nb5 $1 Rd7 ({
If Black wants to continue he must play} 31... g5 $1 {now or on the next move.}
32. Nxc7 gxf4 33. gxf4 Rd7 (33... Kf7 $6 34. e6+ $1 Kf6 35. Re1 $1 Ke7 36. Rg1
Kf6 (36... Rdf8 $2 37. Rg7+ Kf6 38. e7 Kxg7 39. Ne6+ $18) 37. Re1 $11) (33...
Rd2 $5 34. Rg1+ Kf8 $1 {see 33...Rd734.Rc1 Rd2 35.Rg1}) 34. Rc1 (34. Rg1+ Kf8
$1 35. Ne6+ Ke7 $1) 34... Rd2 (34... Rxf4 35. e6 Rg7 36. Nd5 $1 (36. e7 Rxe7
37. Nd5 Rff7 38. Nxe7+ Rxe7 $11) 36... Rf2 (36... Rf8 $142) 37. e7 Kf7 38. Re1
Rg8 39. Nc7 Re8 40. Kg1 $1 {and White is on top.}) 35. Rg1+ (35. Re1 $2 Kf7 $1
(35... Rxf4 $2 36. e6 Rh4 $1 37. Kg1 $1 Rdxh2 38. Re5 $1 $11 (38. e7 $4 Rh1+
39. Kf2 R4h2+)) 36. e6+ (36. Re4 $142) 36... Ke7 37. Rg1 Rc5 $1 $19) 35... Kf8
$1 (35... Kf7 36. Rg2 $1 Rd1+ 37. Rg1 Rxg1+ 38. Kxg1 Ke7 (38... Rxf4 $4 39. e6+
Kf8 40. e7+ Kxe7 41. Nd5+ $18) 39. Kg2 {[%cal Gg2f3,Gf3e4]} Kd7 40. Nd5 Ke6 41.
Nc7+ $11) 36. Rg2 $1 Rd1+ $1 37. Rg1 Rd7 $1 38. Ne6+ (38. Rc1 Ke7) 38... Ke7
39. Rg6 Rd2 $15 {Black is better and can continue without taking risks.}) 32.
Rc1 c6 $2 ({It wasn't late to come back to the right idea.} 32... g5 $1 33.
Nxc7 {other options are worse.} (33. Rxc7 $6 Rxc7 34. Nxc7 gxf4 35. gxf4 (35.
e6 Kf8 36. gxf4 Rc5 $1) 35... Rxf4 36. e6 Re4 37. Kg2 Kg7 $17) (33. e6 $6 Re7
34. Rxc7 (34. Nxc7 Rc5 $1 $17) 34... Rxc7 (34... Rxe6 $5 35. Nd4 Re1+ 36. Kg2
Rd5) 35. Nxc7 Kf8 36. b4 $1 {[%csl Gc5]} gxf4 37. gxf4 Ke7 38. Kg2 Kd8 $17 (
38... Kd6 39. Ne8+)) 33... gxf4 34. gxf4 (34. e6 $2 Re7 35. gxf4 Rc5 $19) 34...
Rd2 {see 31...g5}) 33. Nd6 {Now draw is inevitable.Knight on d6 has to be
wiped out.} Rxd6 $11 1/2-1/2